|
|
|
|
| LEADER |
02397nam a2200577 a 4500 |
| 001 |
mzk03001202617 |
| 003 |
CZ BrMZK |
| 005 |
20140714143500.0 |
| 007 |
ta |
| 008 |
140714q17511800xx f |||| 0 lat d |
| 040 |
|
|
|a BOA001
|b cze
|
| 041 |
0 |
|
|a lat
|a ger
|
| 072 |
|
7 |
|a 821.124
|x Latinská literatura, latinsky psaná
|2 Konspekt
|9 25
|
| 072 |
|
7 |
|a 094
|x Staré tisky
|2 Konspekt
|9 12
|
| 080 |
|
|
|a 821.124’01
|2 MRF
|
| 080 |
|
|
|a 81’36
|2 MRF
|
| 080 |
|
|
|a 025.171
|2 MRF
|
| 080 |
|
|
|a (0.072)
|2 MRF
|
| 080 |
|
|
|a (0.068)094
|2 MRF
|
| 100 |
1 |
|
|a Caesar, Gaius Iulius,
|d 100 př. Kr.-44 př. Kr.
|7 jn19981000434
|4 aut
|
| 245 |
1 |
0 |
|a [Ex C. Julii Caesaris commentariis, Phrases seu loquendi formulae latino germanicae]
|
| 246 |
3 |
0 |
|a Q.D.B.V. C. JULII CAESARIS COMMENTARIORUM De Bello Gallico Lib. VII.
|
| 246 |
3 |
0 |
|a A. HIRTII VEL OPPII COMMENTARIORUM De Bello Gallico Lib. VIII.
|
| 246 |
3 |
0 |
|a C. JULII CAESARIS COMMENTARIORUM De Bello Civili Lib. III.
|
| 246 |
3 |
0 |
|a A. HIRTII VEL OPPII COMMENTARIORUM De Bello Alexandrino Liber unus
|
| 246 |
3 |
0 |
|a A. HIRTII VEL OPPII COMMENTARIORUM De Bello Africano Liber
|
| 260 |
|
|
|a [S.l. :
|b s.n.,
|c mezi 1751 a 1800]
|
| 300 |
|
|
|a 547, [79] doch. s. ;
|
| 500 |
|
|
|a Výzdoba: Vlysy, iniciála
|
| 500 |
|
|
|a Název převzat z Repertoria
|
| 546 |
|
|
|a Latinský a německý text
|
| 561 |
|
|
|a Provenience: [m.p.] Franciscus Marchand Anno 1763
|
| 561 |
|
|
|a Provenience: [m.p.] Josephus Gerold Grammatista
|
| 562 |
|
|
|a Na přední předsádce další variantní označení svazku "Redensarten zum Caesar Fragment"
|
| 563 |
|
|
|a Papírová vazba s usňovým hřbetem, obě desky zlomené
|
| 590 |
|
|
|a Chybí titulní list a konec (část rejstříků)
|
| 650 |
|
7 |
|a latinská starověká literatura
|7 ph115100
|2 czenas
|
| 650 |
|
7 |
|a mluvnice
|7 ph115331
|2 czenas
|
| 650 |
|
7 |
|a historické knihovní fondy
|7 ph172933
|2 czenas
|
| 655 |
|
7 |
|a komentáře
|7 fd132578
|2 czenas
|
| 655 |
|
7 |
|a staré tisky
|7 fd422076
|2 czenas
|
| 700 |
0 |
|
|a Hirtius,
|d 85 př. Kr.-43 př. Kr.
|7 mzk2008434278
|4 aut
|
| 856 |
4 |
1 |
|u https://imageserver.mzk.cz/mzk03/001/202/617/328100216010.titul.jp2
|y Titulní list
|
| 903 |
|
|
|a RP
|
| 910 |
|
|
|e BOE950
|c R - V. III. bbb. 4
|
| 978 |
|
|
|b S.n.
|a s.l.
|c 1751-1800
|
| 985 |
|
|
|a 1751-1800
|
| 990 |
|
|
|a BK
|
| 996 |
|
|
|e BOE950
|c R - V. III. bbb. 4
|
| 980 |
|
|
|c 216010
|g R - V. III. bbb. 4
|1 328100216010
|p N. 6540
|
| 991 |
|
|
|k rajhrad
|